| Tag |
First Indicator |
Second Indicator |
Subfields |
| LEADER |
00000cam a22000001i 4500 |
| 001 |
in00003965421 |
| 006 |
m d f |
| 007 |
cr bn mmmapmmp |
| 008 |
441025s1944 dcu o f000 0 eng d |
| 005 |
20250210233716.0 |
| 035 |
|
|
|a ebd1943003085
|
| 040 |
|
|
|a UMI
|c UMI
|e rda
|d UtOrBLW
|
| 086 |
0 |
|
|a Pr 32.5227:C 42/1-2
|
| 099 |
|
|
|a Pr32.5227..C42_1-2
|
| 110 |
1 |
|
|a United States.
|b War Manpower Commission.
|0 http://id.loc.gov/authorities/names/n82047663
|
| 245 |
1 |
0 |
|a Handbook of descriptions of specialized fields in chemistry and chemical engineering.
|
| 264 |
|
1 |
|a [Washington] :
|b [s.n.],
|c 1944.
|
| 300 |
|
|
|a 1 online resource (121 pages), digital, PDF file
|
| 336 |
|
|
|a text
|b txt
|2 rdacontent
|
| 337 |
|
|
|a computer
|b c
|2 rdamedia
|
| 338 |
|
|
|a online resource
|b cr
|2 rdacarrier
|
| 533 |
|
|
|a Electronic reproduction.
|b [Bethesda, Md.] :
|c ProQuest,
|d 2016
|e digital, PDF file.
|n ProQuest U.S. Executive Branch Documents
|n Mode of access: World Wide Web via ProQuest website.
|
| 588 |
|
|
|a Record is based on online resource; title from PDF title page (ProQuest, last viewed Nov. 2016). Reuse except for individual research requires license from ProQuest, LLC.
|
| 650 |
|
0 |
|a Chemistry.
|0 http://id.loc.gov/authorities/subjects/sh85022986
|
| 650 |
|
0 |
|a Chemicals.
|0 http://id.loc.gov/authorities/subjects/sh85022963
|
| 856 |
4 |
0 |
|u http://proxy.library.tamu.edu/login?url=http://congressional.proquest.com/congressional/docview/t66.d71.pr32.5227..c42_1-2?
|y Electronic resource (PDF)
|t 0
|
| 999 |
f |
f |
|s 4ffd6690-5909-3093-8af9-d7e77bc46487
|i e9465f95-5987-3041-bb81-d9cabd78d72c
|t 0
|
| 952 |
f |
f |
|a Texas A&M University
|b College Station
|c Electronic Resources
|d Available Online
|t 0
|h No information provided
|
| 998 |
f |
f |
|t 0
|l Available Online
|